Online Catalogue and eLibrary

Subaltern studies V : (Record no. 3519)

MARC details
000 -LEADER
fixed length control field 00535nam a2200157Ia 4500
005 - DATE AND TIME OF LATEST TRANSACTION
control field 20250108002429.0
008 - FIXED-LENGTH DATA ELEMENTS--GENERAL INFORMATION
fixed length control field 240331s9999 xx 000 0 und d
020 ## - INTERNATIONAL STANDARD BOOK NUMBER
ISBN 0195625870
082 ## - DDC Classification
Item Number - Author Mark SUB
Class No. 950
245 #0 - TITLE STATEMENT
Title Subaltern studies V :
Remainder of title writings on South Asian History and Society
260 ## - PUBLICATION, DISTRIBUTION, ETC.
Place of publication, distribution, etc. New Delhi
Name of publisher, distributor, etc. Oxford University Press
Date of publication, distribution, etc. 1987
300 ## - PHYSICAL DESCRIPTION
Extent (e.g. Volumes, Pages etc.) ix, 296 p .,
500 ## - GENERAL NOTE
General note The Fifth volume of Subaltern Studies comprises of five essays and two discussion pieces on the Subaltern Project
700 ## - ADDED ENTRY--PERSONAL NAME
Personal name Guha, R.
Relator term (Role) Editor
942 ## - Koha item type (Biblio)
Koha item type Books in Stacks (Lending)
Holdings
Lost status Damaged status Collection code Home library Current library Shelving location Date acquired Full call number Accession Number Item type
    Lending WERC Library WERC Library Social Science Cupboard 03/31/2024 950 SUB 3641 Books in Stacks (Lending)

© WERC Library